Statistics for Imagine Dragons - Thunder - (Missing)

Click here to take the quiz!

General Stats

  • This quiz has been taken 242 times
  • The average score is 8 of 12

Answer Stats

HintAnswer% Correct
____-ThunderThun
99%
Thunder Feel The Thunder ______ and The ThunderLightning
95%
I Was Lightning Before The _____Thunder
95%
Not A Yes sir Not A _____Follower
87%
Who Do You Think You ____?Are
81%
I Was ______ Of Bigger ThingsDreaming
72%
You Say _____ EasyYou're
63%
You Were Clapping In The Nose _____Bleeds
62%
You Say You're _____Basic
43%
I Was _____ Wanna Let looseUptight
43%
In The _____ Take A NumberFoyer
42%
When I Was _________ For The MassesScheming
37%

Score Distribution

Percentile by Number Answered

Percent of People with Each Score

Your Score History

You have not taken this quiz